000
00304nam a22001337a 4500
008
170201b xxu||||| |||| 00| 0 eng d
020
_a
9780896037557
041
_a
eng
080
_a
61
100
_a
3
101
_a
shm
245
_a
DIABETES AND CARDIOVASCULAR DIASES
_c
JOHNSTONE M.T
942
_2
udc
_c
BK
999
_c
4170
_d
4170